000 00833nam a2200253 a 4500
008
020 _a0471913847 (pbk.)
049 _aMAIN
090 _aQC454.A8
_bMET
100 1 _aMetcalfe, Ed.
245 1 0 _aAtomic absorption and emission spectroscopy /
_cEd Metcalfe, edited by F. Elizabeth Prichard.
260 _aChichester :
_bPublished on behalf of ACOL by J. Wiley,
_c1987.
300 _axxi, 289 p. :
_bill. ;
_c23 cm.
440 _aAnalytical Chemistry by Open Learning.
504 _aIncludes bibliographical references.
650 0 _aAtomic spectroscopy.
650 0 _aEmission spectroscopy.
700 1 _aPrichard, F. Elizabeth.
907 _a.b10048686
_b25-10-10
_c17-04-03
003
005 20230123133456.0
040 _cNUST
942 _cBOOKS
_kQC454.A8
_mMET
999 _c149235
_d149235